000 00638nam a2200217Ia 4500
001 b2021-22776 [1292]
003 IT-MiCISF
008 161014s9999||||xx |||||||||||||| ||und||
040 _aIT-MiCISF
_cIT-MiCISF
041 _ait
100 _aDe Pieri Severino
245 0 _aPreadolescenza
_bLe crescite nascoste
250 _a1a ed.
260 _a Roma
_bArmando
_c1990
300 _ap. 330
500 _a / età-evolutiva, adolescenza, preadolescenza, socializzazione, corpo, identità-sessuale, rapporti-interpersonali /
650 _aetà-evolutiva
700 _aTonolo Giorgio
942 _cBK
957 _71
999 _a22776
_bsi
_g1
_c215496
_d215496